Belgium Immigration By Country - Extreme - Statistics

General Stats
  • This quiz has been taken 58 times
  • The average score is 31 of 44
Answer Stats
Total Country % Correct
316,500 France
100%
165,000 Netherlands
100%
18,100 United Kingdom
97%
556,000 Morocco
95%
55,000 Germany
92%
366,200 Italy
92%
84,500 Spain
92%
48,000 Ukraine
92%
34,500 Algeria
90%
112,300 Poland
87%
138,700 Romania
87%
16,700 Russia
87%
42,000 Bulgaria
85%
24,000 China
85%
13,300 United States
85%
78,000 Brazil
82%
61,400 Portugal
82%
96,500 Syria
82%
135,000 DR Congo
79%
21,000 Greece
79%
42,600 India
79%
10,300 Egypt
74%
25,700 Iraq
74%
26,700 Tunisia
74%
288,900 Turkey
74%
13,600 Iran
72%
18,900 Serbia
72%
65,000 Afghanistan
69%
23,000 Pakistan
69%
12,000 Croatia
64%
10,150 Hungary
64%
17,950 Vietnam
62%
11,000 Bangladesh
59%
11,340 Bosnia and Herzegovina
59%
12,300 Thailand
51%
13,500 Senegal
49%
15,400 Philippines
44%
10,200 Somalia
44%
17,200 Cameroon
41%
10,050 Lebanon
41%
14,200 Lithuania
41%
13,000 Colombia
38%
15,000 Rwanda
28%
18,000 Guinea
13%
No matching quizzes found
Score Distribution
Percent of People with Each Score
Percentile by Number Answered
Your Score History
You have not taken this quiz